Normal view
MARC view
Entry Personal Name
001 - CONTROL NUMBER
- control field: 72074
003 - CONTROL NUMBER IDENTIFIER
- control field: dpl
005 - DATE AND TIME OF LATEST TRANSACTION
- control field: 20240926171630.0
008 - FIXED-LENGTH DATA ELEMENTS
- fixed length control field: 240926|| aca||aabn | a|a d
040 ## - CATALOGING SOURCE
- Original cataloging agency: dpl
- Transcribing agency: dpl
100 ## - HEADING--PERSONAL NAME
- Personal name: पांचाल, लक्ष्मी नारायण
670 ## - SOURCE DATA FOUND
- Source citation: Work cat.: (dpl)205958: पांचाल, लक्ष्मी नारायण , दृष्टांत/ , 2018
